000 00610nam a2200229Ia 4500
003 OSt
005 20221007063130.0
006 a|||||r|||| 00| 0
007 ta
008 221006b |||||||| |||| 00| 0 eng d
024 _a10,228
037 _cTextual
040 _aFLL
_cFLL
_beng
041 _2eng
_aeng
082 _aZ:853, K4
100 _aStone Julius Au.
_9683543
245 0 _aLegal system and lawyers reasonings
260 _aBombay
_bN.M.Tripathi India
_c1964
300 _axviii,454p
_ccm.
942 _hZ:853, K4
_cTEXL
_2CC
999 _c1130476
_d1130476